MCU Series - Statistics

General Stats
  • This quiz has been taken 26 times
  • The average score is 12 of 16
Answer Stats
Year Series % Correct
2021 Hawkeye
100%
2021-2023 Loki
95%
2021 WandaVision
95%
2021-2024 What If...?
91%
2024 Agatha All Along
82%
2025 Daredevil: Born Again
82%
2022 Moon Knight
82%
2025 Ironheart
77%
2022 Ms. Marvel
77%
2021 The Falcon and the Winter Soldier
77%
2026 Wonder Man
68%
2024 Echo
64%
2025 Eyes of Wakanda
59%
2022 She-Hulk: Attorney at Law
59%
2025 Marvel Zombies
55%
2023 Secret Invasion
55%
No matching quizzes found
Score Distribution
Percent of People with Each Score
Percentile by Number Answered
Your Score History
You have not taken this quiz